[Event "Hamburg Seniors-ch 20th"]
[Site "Hamburg"]
[Date "2013.11.02"]
[Round "4"]
[White "Stoffregen, Heinrich"]
[Black "Berking, Bernhard"]
[Result "1-0"]
[WhiteElo "1147"]
[BlackElo "1462"]
[PlyCount "97"]
[EventDate "2013.10.30"]
[EventType "swiss"]
[EventRounds "9"]
[EventCountry "GER"]
[SourceTitle "EXT 2015"]
[Source "ChessBase"]
[SourceDate "2014.11.20"]
[SourceVersion "1"]
[SourceVersionDate "2014.11.20"]
[SourceQuality "1"]

1. d4 Nf6 2. Nd2 e6 3. e3 c5 4. Ngf3 cxd4 5. exd4 d5 6. Bd3 Nc6 7. a3 Be7 8. 0-0 0-0 9. b3 b6 10. Bb2 a5 11. c4 dxc4 12. Nxc4 Bb7 13. Rc1 Ba6 14. Re1 Nd5 15. Nfe5 Nxe5 16. Nxe5 Bxd3 17. Nxd3 Bd6 18. Qf3 Rc8 19. Ne5 Rxc1 20. Rxc1 Qg5 21. g3 Qd2 22. Nc4 Qg5 23. Nxd6 Qd8 24. Ne4 Qe7 25. Kg2 h6 26. Qd3 Qb7 27. Kg1 Rd8 28. Qf3 Qe7 29. Nc3 Rc8 30. Re1 Nxc3 31. Bxc3 Qxa3 32. Bd2 Qb2 33. Qd3 Rd8 34. Be3 Qa3 35. Rc1 Qb4 36. d5 exd5 37. Kg2 g5 38. Kf1 Qd6 39. Qd4 Rb8 40. f4 Qe6 41. Kg1 f6 42. fxg5 fxg5 43. Rc7 Qg6 44. Qxd5+ Kf8 45. Bxb6 Qb1+ 46. Kg2 Qb2+ 47. Bf2 Qf6 48. Bc5+ Ke8 49. Qd7# 1-0

[Event "Pinneberg op Seniors 12th"]
[Site "Pinneberg"]
[Date "2011.07.14"]
[Round "5"]
[White "Stoffregen, Heinrich"]
[Black "Berking, Bernhard"]
[Result "0-1"]
[WhiteElo "1101"]
[BlackElo "1535"]
[PlyCount "72"]
[EventDate "2011.06.16"]
[EventType "swiss"]
[EventRounds "7"]
[EventCountry "GER"]
[SourceTitle "EXT 2012"]
[Source "ChessBase"]
[SourceDate "2011.11.24"]
[SourceVersion "1"]
[SourceVersionDate "2011.11.24"]
[SourceQuality "1"]

1. d4 Nf6 2. Nd2 d5 3. e3 c5 4. b3 cxd4 5. exd4 Nc6 6. Ngf3 Bf5 7. Ba3 a5 8. c4 Nb4 9. Rc1 Nxa2 10. Nh4 Bd7 11. Bd3 Nxc1 12. Qxc1 dxc4 13. Bxc4 Rc8 14. 0-0 b5 15. Bxf7+ Kxf7 16. Bc5 e6 17. Nhf3 Bxc5 18. Ne5+ Ke8 19. dxc5 Qc7 20. Nxd7 Qxd7 21. Rd1 Qc6 22. Nf3 Qxc5 23. Qb2 Qc3 24. Qe2 Qxb3 25. h3 Ke7 26. Nd4 Qd5 27. Qe3 Rhd8 28. Re1 Rd6 29. Nf3 Qc5 30. Qe2 Qc4 31. Qe3 h6 32. Qa7+ Qc7 33. Qe3 b4 34. Nd4 Qc5 35. Rd1 Rcd8 36. g3 Rxd4 0-1

[Event "Pinneberg op Seniors 08th"]
[Site "Pinneberg"]
[Date "2007.07.19"]
[Round "5"]
[White "Luettig, Hendrik"]
[Black "Stoffregen, Heinrich"]
[Result "1/2-1/2"]
[WhiteElo "1552"]
[BlackElo "1335"]
[PlyCount "107"]
[EventDate "2007.06.21"]
[EventType "swiss"]
[EventRounds "5"]
[EventCountry "GER"]
[SourceTitle "EXT 2011"]
[Source "ChessBase"]
[SourceDate "2010.11.26"]
[SourceVersion "1"]
[SourceVersionDate "2010.11.26"]
[SourceQuality "1"]

1. c4 e5 2. Nc3 Nf6 3. e4 Bc5 4. Nge2 0-0 5. g3 Nc6 6. Bg2 a6 7. a3 d6 8. d3 Ng4 9. 0-0 Qf6 10. Qe1 Nd4 11. Nxd4 Bxd4 12. Nd5 Qd8 13. Ne3 Nf6 14. Rb1 c6 15. Bd2 b5 16. Nc2 Bb6 17. Be3 c5 18. Bg5 Re8 19. Ne3 h6 20. Bxf6 Qxf6 21. Nd5 Qd8 22. Kh1 Rb8 23. f4 b4 24. axb4 cxb4 25. Qxb4 Ba7 26. Qd2 Bd4 27. f5 Kh7 28. b4 Bb7 29. Ne3 Qg5 30. Rfe1 Bc6 31. Nf1 Qxd2 32. Nxd2 Bc3 33. Re2 Bxb4 34. Nf3 a5 35. Reb2 Rb7 36. Ne1 Reb8 37. Nc2 Bc3 38. Rxb7 Rxb7 39. Rxb7 Bxb7 40. Na3 Bc6 41. Bf3 Ba4 42. Nb5 Bxb5 43. cxb5 Bd4 44. Bd1 g5 45. g4 Kg7 46. Kg2 Kf6 47. Kf1 Ke7 48. Bb3 f6 49. Ke2 Kd7 50. Kd1 Kc7 51. Kc2 Kb6 52. Bc4 a4 53. Kb1 Ka5 54. Ka2 1/2-1/2

[Event "Pinneberg op Seniors 08th"]
[Site "Pinneberg"]
[Date "2007.06.21"]
[Round "1"]
[White "Stoffregen, Heinrich"]
[Black "Linke, Harry"]
[Result "0-1"]
[WhiteElo "1335"]
[BlackElo "1678"]
[PlyCount "56"]
[EventDate "2007.06.21"]
[EventType "swiss"]
[EventRounds "5"]
[EventCountry "GER"]
[SourceTitle "EXT 2011"]
[Source "ChessBase"]
[SourceDate "2010.11.26"]
[SourceVersion "1"]
[SourceVersionDate "2010.11.26"]
[SourceQuality "1"]

1. d4 d5 2. e3 Nc6 3. a3 e5 4. dxe5 Nxe5 5. f4 Bg4 6. Be2 Bxe2 7. Nxe2 Nc6 8. Nbc3 Nf6 9. 0-0 Qd7 10. b4 a6 11. Bb2 0-0-0 12. Na4 Ne4 13. Nd4 Nxd4 14. Bxd4 Qxa4 15. Qd3 f5 16. Rfc1 Qb5 17. c4 dxc4 18. Rxc4 Nd6 19. Rac1 Nxc4 20. Rxc4 Be7 21. Qc2 Qd7 22. a4 Bf6 23. Qd3 Bxd4 24. Rxd4 Qe6 25. b5 Rxd4 26. Qxd4 Rd8 27. bxa6 Rxd4 28. a7 Qa6 0-1